000 00875nam a2200265 a 4500
001 000021120
005 20200930011235.0
008 100831s1995 sp r 000 f spa d
020 _a9501514536
040 _aDO-SdBNP
_bSPA
_cBNPHU
082 _a813.54
_bR629ó
100 1 _aRobards, Karen
_d1954-
_944160
240 1 0 _aMaggy's child.
_lEspañol.
245 1 0 _aLa otra cara de la vida /
_cKaren Robards ; traducción Aníbal Leal ; edición original Delacorte Press.
260 _aBuenos Aires :
_bVerlap,
_c1995.
300 _a317 p. ;
_c28 cm.
490 1 _aRomántica de hoy
534 _aTítulo original:
_tMaggy's child
650 4 _aNovela estadounidense
_9262
650 4 _aLiteratura estadounidense
_ySIGLO XX
_96874
700 1 _aPress, Delacorte
_eed.
_944161
700 1 _aLeal, Aníbal
_ctr.
_944162
830 0 _aRomántica de hoy
_944163
049 _aBNGR
999 _c20622
_d20622